Santé, éducation et réduction de la pauvreté

Gespeichert in:
Bibliographische Detailangaben
1. Verfasser: Morrisson, Christian
Körperschaft: OECD. Development Centre
Format: Buch
Sprache:Französisch
Veröffentlicht: Paris OCDE 2002
Schriftenreihe:Cahier de politique économique No. 19
Schlagworte:
Tags: Tag hinzufügen
Keine Tags, Fügen Sie das erste Tag hinzu!

MARC

LEADER 00000nam a2200000 4500
001 c133974
005 20221221092227.2
041 0 |a fre 
044 |a FR 
245 1 0 |a Santé, éducation et réduction de la pauvreté  |c par Christian Morrisson 
264 1 |a Paris  |b OCDE  |c 2002 
300 |a 37 s. 
490 1 |a Cahier de politique économique  |v No. 19 
830 0 |a Cahier de politique économique  |v No. 19 
610 2 0 |a zdravie 
610 2 0 |a vzdelanie 
610 2 0 |a chudoba 
610 2 0 |a redukcia chudoby 
610 2 0 |a procesy sociálne 
610 2 0 |a politika sociálna 
610 2 0 |a úroveň životná 
100 1 |a Morrisson, Christian 
710 2 |a OECD. Development Centre